Представление документа в формате RUSMARC

ПолеНазваниеЗначение
  Тип записи a
  Библиографический уровень c
001 Контрольный номер RU/SLIB/B/208703610
005 Дата корректировки 20241105112245.6
010 Индекс ISBN __
d Цена 1-18
101 Язык документа 0_
a Язык текста rus
c Язык оригинала rus
200 Заглавие и сведения об ответственности 1_
a Заглавие Воспоминания об А. Н. Толстом
e Сведения, относящиеся к заглавию сборник
f Первые сведения об ответственности сост.: З. А. Никитина, Л. И. Толстая
b Общее обозначение материала Текст
210 Выходные данные 1_
a Место издания М.
c Издательство Совет. писатель
d Дата издания 1973
215 Физическое описание __
a Объем 464 с.
600 Персоналии _1
a Персоналии (Фамилия) Толстой, А. Н.
c Дополнение к имени писатель русский
f Даты 1882-1945
g Полное имя Алексейй Николаевич
606 Тематические рубрики __
a Основная рубрика Литературоведение
606 Тематические рубрики __
a Основная рубрика Русская литература XX в.
606 Тематические рубрики __
a Основная рубрика Художественная литература
606 Тематические рубрики __
a Основная рубрика Русская литература XX в. (произведения)
610 Ключевые слова 0_
a Ключевые слова прозаики; воспоминания; писатели; персоналии
686 Индексы других классификаций __
2 Код системы rubbks
a Классификационный индекс 83.3(2Рос=Рус)6-8
686 Индексы других классификаций __
a Классификационный индекс 84(2Рос=Рус)6-4
702 Вторичная интеллектуальная ответственность _1
a Фамилия Никитина
b Имя З. А.
4 Код отношения Составитель
702 Вторичная интеллектуальная ответственность _1
a Фамилия Толстая
b Имя Л. И.
4 Код отношения Составитель
702 Вторичная интеллектуальная ответственность _1
a Фамилия Андроников
b Имя И.
4 Код отношения Автор
702 Вторичная интеллектуальная ответственность _1
a Фамилия Берестов
b Имя В.
4 Код отношения Автор
702 Вторичная интеллектуальная ответственность _1
a Фамилия Рождественский
b Имя В.
4 Код отношения Автор
702 Вторичная интеллектуальная ответственность _1
a Фамилия Уланова
b Имя Г.
4 Код отношения Автор
702 Вторичная интеллектуальная ответственность _1
a Фамилия Федин
b Имя К.
4 Код отношения Автор
702 Вторичная интеллектуальная ответственность _1
a Фамилия Чуковский
b Имя К.
4 Код отношения Автор
702 Вторичная интеллектуальная ответственность _1
a Фамилия Эренбург
b Имя И. Г.
4 Код отношения Автор
702 Вторичная интеллектуальная ответственность _1
a Фамилия Асеев
b Имя Н.
4 Код отношения Автор
702 Вторичная интеллектуальная ответственность _1
a Фамилия Инбер
b Имя В.
4 Код отношения Автор
702 Вторичная интеллектуальная ответственность _1
a Фамилия Олеша
b Имя Ю.
4 Код отношения Автор
702 Вторичная интеллектуальная ответственность _1
a Фамилия Лидин
b Имя В.
4 Код отношения Автор
702 Вторичная интеллектуальная ответственность _1
a Фамилия Коган
b Имя Л.
4 Код отношения Автор
702 Вторичная интеллектуальная ответственность _1
a Фамилия Жаров
b Имя М.
4 Код отношения Автор
702 Вторичная интеллектуальная ответственность _1
a Фамилия Крестинский
b Имя Ю.
4 Код отношения Автор
702 Вторичная интеллектуальная ответственность _1
a Фамилия Сельвинский
b Имя И.
4 Код отношения Автор
702 Вторичная интеллектуальная ответственность _1
a Фамилия Шкловский
b Имя В.
4 Код отношения Автор
801 Источник записи _0
a Страна RU
b Организация Муниципальное бюджетное учреждение культуры "Централизованная библиотечная система" г. Сургут (Центральная городская библиотека им. А. С. Пушкина)
g Правила каталогизации ОБ/Смолякова
801 Источник записи _1
a Страна RU
b Организация Муниципальное бюджетное учреждение культуры "Централизованная библиотечная система" г. Сургут (Центральная городская библиотека им. А. С. Пушкина)
g Правила каталогизации ОБ/Смолякова
852 Данные о местонахождении __
j Шифр хранения 83.3(2Рос=Рус)6-8
c Каталожный индекс 83.3(2Рос=Рус)6-8; 84(2Рос=Рус)6-4
i Авторский знак В 77
p Инвентарный номер 70562
901 Тип документа 1_
t Тип документа x
903 Характеристики (МАРС) __
a Дата передачи 19990216
969 Тип издания __
a Тип издания сборник
990 Данные о заказе (DOS) 00
j Количество экземпляров (DOS) 1
t N записи в КСУ для И/У (DOS) 199801